Byzantium into Europe : the story of Byzantium as the first Europe (326-1204 A.D.) and its further contribution till 1453 A.D.

محفوظ في:

المؤلف الرئيسي: Lindsay, Jack, 1900-1990 (مؤلف)

التنسيق: كتاب

اللغة: English

منشور في: London : Bodley Head, [1952].

الموضوعات:

الوسوم: إضافة وسم

لا توجد وسوم, كن أول من يضع وسما على هذه التسجيلة!

رقم الطلب: DF552 .L52 1952

LEADER 00722nam a2200229I 4500
001 7230
003 OSt
005 20260106134344.0
008 130303s1952 enkab b 000 0 eng d
010 |a 53001241 
015 |a GB52-16076 
040 |c ARCE Library 
050 4 |a DF552 .L52 1952 
100 1 |a Lindsay, Jack,  |d 1900-1990,  |e author 
245 1 0 |a Byzantium into Europe :   |b the story of Byzantium as the first Europe (326-1204 A.D.) and its further contribution till 1453 A.D. 
264 1 |a London :  |b Bodley Head,  |c [1952]. 
300 |a 485 pages :  |b illustrations, maps ;  |c 22 cm. 
504 |a Bibliography : pages 474-476. 
651 0 |a Byzantine Empire  |x History. 
901 |a reviewed 
942 |c BK  |2 lcc 
999 |c 9690  |d 9690